Movies Quiz

Random Movies or Oscar Quiz

Best Actress Winners by First Names Quiz Stats

 Plays Quiz Updated Mar 30, 2019

Score 0/24 Timer 05:00
55 Plays Today
% Correct
HALLE Berry
96.1%
NICOLE Kidman
95.4%
MERYL Streep
94.7%
REESE Witherspoon
94.2%
GWYNETH Paltrow
93.7%
SANDRA Bullock
92.8%
AUDREY Hepburn
92.2%
JODIE Foster
91.2%
KATE Winslet
90.8%
CHARLIZE Theron
90.5%
HELEN Mirren
89.9%
LIZA Minnelli
89.8%
% Correct
JULIANNE Moore
89.7%
JULIA Roberts
86.4%
GRACE Kelly
85.2%
FRANCES McDormand
84.9%
NATALIE Portman
84.6%
HILARY Swank
83.3%
DIANE Keaton
82.5%
ELIZABETH Taylor
79.1%
MAGGIE Smith
77.9%
VIVIEN Leigh
75.1%
JOAN Crawford
74%
LUISE Rainer
73.8%

You're not logged in!

Compare scores with friends on all Sporcle quizzes.
OR
Log In

Show Comments

Extras

Top Quizzes Today


Score Distribution

Your Account Isn't Verified!

In order to create a playlist on Sporcle, you need to verify the email address you used during registration. Go to your Sporcle Settings to finish the process.

Report this User

Report this user for behavior that violates our Community Guidelines.

Details: